Catálogo general informativo /

Guardado en:
Autor Corporativo: Universidad Nacional del Sur.
Formato: Libro
Idioma:Spanish
Publicado: Bahía Blanca : Universidad Nacional del Sur, 1982-
Materias:
Etiquetas: Agregar Etiqueta
Sin Etiquetas, Sea el primero en etiquetar este registro!
LEADER 00624nam a22001575a 4500
001 EAD.ead000710
008 070316s1982####ag#ao####c####000#0#spa#d
005 20070319095629.0
245 1 0 |a Catálogo general informativo /  |c Universidad Nacional del Sur. 
260 |a Bahía Blanca :  |b Universidad Nacional del Sur,  |c 1982- 
300 |a v. :  |b il. ;  |c 22 cm. 
110 2 |a Universidad Nacional del Sur. 
082 0 4 |a 378  |2 21 
650 7 |a Enseñanza superior.  |2 unbist 
859 |a AR-BaBDC  |b BIB. ADMINISTRACION GABCOOP - Libros  |h 378  |i Un3-3  |p g00612  |t 1982  |v 1982 
859 |a AR-BaBDC  |b BIB. ADMINISTRACION GABCOOP - Libros  |h 378  |i Un3-3  |p g00940  |t 1988  |v 1988